Responses for show #4128 - Wednesday, July 10, 2002

Contestants

[<< previous game]

Emilie Bruchon, an international relations specialist from Arlington, Virginia

Jeremy Proctor, an actor from New York, New York

Sean Scarry, a substitute teacher and graduate student from Mount Laurel, New Jersey (whose 1-day cash winnings total $26,200)

[next game >>]

Jeopardy! Round responses

HAIL TO THE CHIEF
STEVE MARTIN
STUCK HERE IN "L"
UTAH
NOSE WORKS
FIX THE MALAPROP
    $200 23
Lyndon Johnson

Jeremy
    $200 1
Russell Crowe

Sean
    $200 3
Libra

Emilie
    $200 8
Sundance

Sean
    $200 16
sniff

Emilie
    $200 11
the very pinnacle of success

Sean
    $400 24
JFK

Emilie
    $400 2
the Smothers Brothers

Emilie
    $400 4
a lily

Emilie
    $400 9
Promontory

Jeremy
    $400 17
redolent

Emilie
    $400 12
the Metrodome

Emilie
    $600 25
John Quincy Adams

Emilie
    $600 28
(Sean: What is a ukulele?)

the banjo

Sean
Triple Stumper
    $600 5
a loop

Emilie
    $600 10
the Bonneville Salt Flats

Emilie
    $600 18
pong

Sean
    $600 13
humble

Jeremy
    $1,200 26
(Emilie: Who is Coolidge?)
(Alex: No, you had to think of a president who might have been of Dutch descent, and that was [*].)

Martin Van Buren

Emilie
    $800 29
wild & crazy

Sean
    $800 6
a lemur

Jeremy
    $800 14
the Wasatch

Jeremy
    $800 19
musk

Sean
    $800 21
emaciated

Sean
    $1000 27
(Jeremy: Who is Coolidge?)

Harding

Jeremy
Triple Stumper
    $1000 30
The New Yorker

Jeremy
    $1000 7
(Emilie: What is Liechtenstein?)
(Jeremy: What is Lithuania?)
(Sean: What is Latvia?)

Luxembourg

SeanJeremyEmilie
Triple Stumper
    $1000 15
Lake Powell

Triple Stumper
    $1000 20
attar

Jeremy
    $1000 22
terra firma

Sean

Scores at the first commercial break (after clue 15):

Sean Jeremy Emilie
-$400 $1,600 $1,600

Scores at the end of the Jeopardy! Round:

Sean Jeremy Emilie
$3,000 $2,800 $2,000

Double Jeopardy! Round responses

PERIOD
DASH
AT
COLON
HYPHEN
QUESTION MARK
    $400 1
Jurassic

Emilie
    $400 26
(Jeremy: What is the 100-meter dash?)

the 50-meter dash

JeremyEmilie
    $400 21
Waterloo

Emilie
    $400 10
digestive system

Sean
    $400 9
Coca-Cola

Jeremy
    $400 3
What's up, Doc?

Jeremy
    $800 2
the Era of Good Feelings

Emilie
    $800 27
Carl Lewis

Emilie
    $800 22
the Blarney Stone

Emilie
    $800 11
poetry

Jeremy
    $800 12
a Good-Time Charlie

Jeremy
    $800 4
(Jeremy: What is "Who Killed Chicken Little?")

"Who Killed Cock Robin?"

Jeremy
Triple Stumper
    $1200 5
(Jeremy: What is the Iron Age?)

the Bronze Age

JeremyEmilie
    $1200 28
Jesse Owens

Jeremy
    $1200 23
the Cordon Bleu

Sean
    $1200 18
(Emilie: What are numerals?)

hours & minutes

SeanEmilie
    $1,000 15
cold-blooded

Emilie
    $1200 6
Who is buried in Grant's Tomb?

Emilie
    $1600 13
(Jeremy: What is Cubist?)

Rose (Period)

JeremyEmilie
    $1600 29
(Jeremy: Who is Johnson?)
(Alex: Which one?)
(Jeremy: Michael?)
(Alex: No.)

Ben Johnson

SeanJeremy
    $1600 24
(Alex: Correct with a minute to go.)

Covent Gardens

Emilie
    $1600 19
librarians

Jeremy
    $1600 16
Anglo-Saxon

Triple Stumper
    $1600 7
Whatever Happened to Baby Jane?

Triple Stumper
    $2,200 14
(Emilie: [Thinking very hard] What is the Imperial Period?)

the Edo Period

Emilie
    $2000 30
Michael Johnson

Jeremy
    $2000 25
European Space Agency

Sean
    $2000 20
a ratio (or a proportion)

Triple Stumper
    $2000 17
the Know-Nothings

Sean
    $2000 8
Whose Life Is It Anyway?

Triple Stumper

Scores at the end of the Double Jeopardy! Round:

Sean Jeremy Emilie
$11,400 $4,400 $8,800

[wagering suggestions for these scores]

Final Jeopardy! Round responses

HISTORIC PEOPLE
(Alex: [After revealing Jeremy's response] He spent a lot of time working with the hearing impaired. Married a woman who was hearing impaired, I believe.)
JeremyWho is Alexander Graham Bell?
$6,000
EmilieWho is Bell?
$3,201
SeanWho is Rodan?
$9,000
Alexander Graham Bell

Final scores:

Sean Jeremy Emilie
$2,400 $10,400 $12,001
3rd place: $1,000 2nd place: $2,000 New champion: $12,001

Game dynamics:

Coryat scores:

Sean Jeremy Emilie
$11,400 $4,400 $12,400
14 R,
2 W
14 R,
7 W
21 R
(including 1 DD),
4 W
(including 2 DDs)

Combined Coryat: $28,200

The J! Archive is created by fans, for fans. The Jeopardy! game show and all elements thereof, including but not limited to copyright and trademark thereto, are the property of Jeopardy Productions, Inc. and are protected under law. This website is not affiliated with, sponsored by, or operated by Jeopardy Productions, Inc. Join the discussion at JBoard.tv.